00523nam a2200133Ia 4500008004100000100003500041245015100076245003500227260005900262260000900321650001800330650001500348856002600363170221s9999 xx 000 0 und d aUğur Batı Bunyamin Atıcı. 2aA Thematic Content Analysis Concerning the Emotional Message Repertory of the TV Commercials of the Products Directed at the Young Target Audience cUğur Batı Bunyamin Atıcı. bOnline Journal of Communication and Media Technologies c2013 xCommunication xMedia Arts uhttp://www.ojcmt.net/